00832 2200289 4500001002100000005001700021008004100038020002200079035002400101082001700125090001700142090002000159090001900179100001700198245009700215250001100312260003000323300003200353440003300385650002300418700001600441700001900457850001200476990001800488990001800506990001800524INLIS00000000003185020171106104627.0 ind  a978-602-420-178-4 0010-101700000000528042[23]a028.55 a028.55 Qur N aPK 028.55 Qur N aK 028.55 Qur N0 aQURROTA AINI0 aNasi untuk kakekc/ Qurrota Aini; penyunting naskah, Dadan Ramadhan; ilustrator, Nur Cicilia aCet. 2 aBandungbDAR! mizanc2017 a100 hlm.b: ilus.c; 21 cm. aSeri Kecil-kecil punya karya 4aBacaan kanak-kanak0 aNur Cicilia0 aDadan Ramadhan aYOPDYOG a28798-PD/B.17 a28799-PD/B.17 a28800-PD/B.17